Managing arms in peace processes: Nicaragua and El Salvador. Part 3

Na minha lista:
Detalhes bibliográficos
Autor Corporativo: United Nations Institute for Disarmament Research. Disarmament and Conflict Resolution Project
Formato: Desconhecido
Publicado em: Geneva: UNIDIR
Tags: Adicionar Tag
Sem tags, seja o primeiro a adicionar uma tag!

MARC

LEADER 00000 a2200000 04500
001 18496
003
008 991231s d
040
090 |a 143402  
110 |a United Nations Institute for Disarmament Research. Disarmament and Conflict Resolution Project  
245 |a Managing arms in peace processes: Nicaragua and El Salvador. Part 3  
260 |a Geneva:   |b UNIDIR  
300 |a xxi, 233 p.  
999 |c 14038  |d 14038